Statistics for taylor swift mystery song 2

Click here to take the quiz!

General Stats

  • This quiz has been taken 12 times
  • The average score is 383 of 456

Answer Stats

Answer% Correct
I
100%
In
100%
in
100%
is
100%
Is
100%
a
91%
A
91%
And
91%
did
91%
do
91%
don't
91%
for
91%
go
91%
her
91%
him
91%
I'm
91%
it
91%
It's
91%
it's
91%
just
91%
Just
91%
know
91%
like
91%
of
91%
out
91%
said
91%
She
91%
she
91%
The
91%
the
91%
this
91%
Was
91%
was
91%
went
91%
what
91%
When
91%
when
91%
where
91%
why
91%
you
91%
You
91%
Your
91%
your
91%
About
82%
about
82%
again
82%
all
82%
anything
82%
assumptions
82%
at
82%
be
82%
Betty
82%
breathe
82%
But
82%
but
82%
can
82%
can't
82%
car
82%
cardigan
82%
'cause
82%
couldn't
82%
ever
82%
From
82%
from
82%
fuck
82%
have
82%
heard
82%
here
82%
home
82%
homeroom
82%
house
82%
If
82%
if
82%
Inez
82%
love
82%
make
82%
me
82%
miss
82%
my
82%
nights
82%
now
82%
on
82%
one
82%
only
82%
Or
82%
passed
82%
riding
82%
saw
82%
says
82%
see
82%
skateboard
82%
So
82%
switched
82%
that
82%
thing
82%
think
82%
to
82%
want
82%
with
82%
won't
82%
Yeah
82%
17
73%
believe
73%
broken
73%
cobblestones
73%
crowds
73%
dance
73%
days
73%
doorstep
73%
dream
73%
dreamed
73%
dreamt
73%
face
73%
far
73%
favorite
73%
figment
73%
finally
73%
found
73%
friends
73%
front
73%
garden
73%
get
73%
gym
73%
happens
73%
hate
73%
intentions
73%
into
73%
James
73%
kiss
73%
Kissin'
73%
last
73%
lead
73%
long
73%
Most
73%
myself
73%
next
73%
nowhere
73%
party
73%
patch
73%
planned
73%
playing
73%
Plus
73%
porch
73%
pulled
73%
showed
73%
side
73%
sinkin'
73%
Slept
73%
song
73%
Standing
73%
Stopped
73%
streetlight
73%
stupid
73%
summer
73%
tell
73%
thinking
73%
Those
73%
time
73%
times
73%
told
73%
true
73%
trust
73%
turned
73%
up
73%
walking
73%
weeks
73%
will
73%
Will
73%
wings
73%
word
73%
worst
73%
would
73%
Would
73%
wrong
73%
drive
64%
let's
64%
right
64%
rumours
64%

Score Distribution

Percentile by Number Answered

Percent of People with Each Score

Your Score History

You have not taken this quiz